| 000 | 00922nam a2200229 a 4500 | ||
|---|---|---|---|
| 005 | 20210623124736.0 | ||
| 008 | 120830s2019 gw a|||gr|||| 00| 0 eng d | ||
| 020 | _a9783030034412 | ||
| 040 |
_aCO-BoUCM _bspa _cDeissy Garcia _dDeissy Garcia |
||
| 041 | 0 | _aeng | |
| 100 | 1 |
_aSchultze-Kraft, Markus _9103208 |
|
| 245 | 1 | 0 |
_aCrimilegal orders, governance and armed conflict _cMarkus Schultze-Kraft |
| 260 |
_aCham, Alemania _bSpringer International Publishing _bPalgrave Pivot _c2019 |
||
| 300 |
_axix, 201 páginas _bilustraciones |
||
| 504 | _aIncluye referencias bibliográficas | ||
| 650 | 7 |
_aCrimen organizado _xAspectos políticos _zColombia _zNigeria _9103876 |
|
| 650 | 7 |
_a Corrupción política _zColombia _zNigeria _9103877 |
|
| 650 | 7 |
_aPolítica comparada _9103878 |
|
| 650 | 7 |
_aGobernabilidad _zColombia _zNigeria _9103879 |
|
| 942 |
_cLIBRO _2DEWEY _a6 _e1 _h320.4 _mS387c _n0 |
||
| 999 |
_c318767 _d318767 |
||